000 00595nam a2200181 a 4500
001 000036948
005 20200930080035.0
008 120207s1971 xxu r 000 0 spa d
020 _a0675098750
040 _aDO-SdBNP
_bspa
_cBNPHU
082 _axxxx
_bxxxx
245 0 0 _aA comparative study of party organization /
_ceditor William E. Wright.
260 _aColumbus, Ohio :
_bBell & Howell,
_c1971.
300 _a566 p. ;
_c24 cm.
500 _aIncluye referencias bibliográficas y notas al pie de las páginas
590 _aInventariado, 2019/BT
700 1 _aWright, William E.,
_eed.
_963344
999 _c36438
_d36438